[Event "Titled Tuesday intern op 10th Jan Late"]
[Site "Chess.com INT"]
[Date "2023.01.10"]
[Round "1"]
[White "Bayo Milagro, Alvaro"]
[Black "Marin Ramirez, Gerardo"]
[Result "1-0"]
[WhiteElo "2285"]
[BlackElo "2127"]
[PlyCount "91"]
[EventDate "2023.01.10"]
[EventType "swiss (blitz)"]
[EventRounds "11"]
[EventCountry "USA"]
[SourceTitle "EXT 2024"]
[Source "ChessBase"]
[SourceDate "2023.10.10"]
[SourceVersion "1"]
[SourceVersionDate "2023.10.10"]
[SourceQuality "1"]

1. e4 c5 2. Nf3 d6 3. Bb5+ Bd7 4. Bxd7+ Qxd7 5. 0-0 e6 6. c3 Nf6 7. Re1 Nc6 8. d3 Be7 9. Nbd2 0-0 10. Nf1 Rfe8 11. Ng3 Bf8 12. d4 cxd4 13. cxd4 d5 14. e5 Ne4 15. Nxe4 dxe4 16. Rxe4 Qd5 17. Re1 Red8 18. Be3 Rd7 19. a3 Rad8 20. Qc2 Rc7 21. Rac1 Rdc8 22. Qb1 h6 23. b4 a5 24. b5 Ne7 25. a4 Nf5 26. Rxc7 Rxc7 27. Rc1 Rc4 28. Rxc4 Qxc4 29. Qd1 Bb4 30. h4 Bc3 31. h5 Qb4 32. d5 exd5 33. Qxd5 Nxe3 34. fxe3 Qb1+ 35. Kh2 Qf5 36. Qxb7 Qxh5+ 37. Kg1 Bxe5 38. Qa8+ Kh7 39. Qe4+ f5 40. Qxe5 Qf7 41. b6 Qb3 42. Qxf5+ Kh8 43. Qc8+ Kh7 44. Qf5+ Kh8 45. Qc5 Qxa4 46. b7 1-0

[Event "Titled Tuesday intern op 10th Jan Late"]
[Site "Chess.com INT"]
[Date "2023.01.10"]
[Round "3"]
[White "Marin Ramirez, Gerardo"]
[Black "Seletsky, Grigory"]
[Result "0-1"]
[WhiteElo "2127"]
[BlackElo "2281"]
[PlyCount "66"]
[EventDate "2023.01.10"]
[EventType "swiss (blitz)"]
[EventRounds "11"]
[EventCountry "USA"]
[SourceTitle "EXT 2024"]
[Source "ChessBase"]
[SourceDate "2023.10.10"]
[SourceVersion "1"]
[SourceVersionDate "2023.10.10"]
[SourceQuality "1"]

1. d4 Nf6 2. Nf3 g6 3. c4 Bg7 4. Nc3 0-0 5. g3 d6 6. Bg2 Nc6 7. d5 Na5 8. Nd2 c5 9. Qc2 a6 10. Rb1 Bf5 11. e4 Bd7 12. 0-0 b5 13. b3 Rb8 14. h3 e5 15. Re1 b4 16. Nd1 Nb7 17. g4 a5 18. Ne3 a4 19. Ndf1 h5 20. f3 Bh6 21. Nd1 Bxc1 22. Qxc1 hxg4 23. fxg4 Nh7 24. Qh6 axb3 25. axb3 Ra8 26. Nd2 Qg5 27. Qxg5 Nxg5 28. h4 Nh7 29. Ne3 Ra2 30. Re2 Rfa8 31. Rf1 Rb2 32. g5 Raa2 33. Rff2 Na5 0-1

[Event "Titled Tuesday intern op 10th Jan Early"]
[Site "Chess.com INT"]
[Date "2023.01.10"]
[Round "1"]
[White "Marin Ramirez, Gerardo"]
[Black "Tikhonov, Viacheslav"]
[Result "1-0"]
[WhiteElo "2127"]
[BlackElo "2220"]
[PlyCount "65"]
[EventDate "2023.01.10"]
[EventType "swiss (blitz)"]
[EventRounds "11"]
[EventCountry "USA"]
[SourceTitle "EXT 2024"]
[Source "ChessBase"]
[SourceDate "2023.10.10"]
[SourceVersion "1"]
[SourceVersionDate "2023.10.10"]
[SourceQuality "1"]

1. d4 Nf6 2. Nf3 g6 3. c4 Bg7 4. Nc3 d5 5. g3 0-0 6. Bg2 c6 7. cxd5 cxd5 8. 0-0 Ne4 9. Bd2 Nc6 10. e3 Nxc3 11. Bxc3 Bf5 12. Nd2 Rc8 13. Qb3 Bd3 14. Rfc1 b5 15. Bxd5 e6 16. Bxc6 Rxc6 17. Bb4 Bc4 18. Nxc4 bxc4 19. Rxc4 Rxc4 20. Qxc4 Re8 21. Rc1 Qb6 22. Qc6 Qb8 23. Bd6 Qd8 24. Bc5 e5 25. Bxa7 exd4 26. Bb6 Qe7 27. exd4 h5 28. a4 h4 29. a5 h3 30. Rf1 Qe2 31. a6 Bh6 32. a7 Kg7 33. a8Q 1-0

[Event "Titled Tuesday intern op 27th Dec Early"]
[Site "Chess.com INT"]
[Date "2022.12.27"]
[Round "6"]
[White "Cruz, William Ferreira Da"]
[Black "Marin Ramirez, Gerardo"]
[Result "1-0"]
[WhiteElo "2224"]
[BlackElo "2127"]
[PlyCount "113"]
[EventDate "2022.12.27"]
[EventType "swiss (blitz)"]
[EventRounds "11"]
[EventCountry "USA"]
[SourceTitle "EXT 2024"]
[Source "ChessBase"]
[SourceDate "2023.10.10"]
[SourceVersion "1"]
[SourceVersionDate "2023.10.10"]
[SourceQuality "1"]

1. d4 d5 2. c4 c6 3. Nc3 Nf6 4. Nf3 e6 5. Bg5 h6 6. Bh4 Be7 7. e3 Nbd7 8. Qc2 b6 9. Rd1 Bb7 10. Bd3 Rc8 11. 0-0 0-0 12. cxd5 cxd5 13. Qe2 Ne4 14. Bxe7 Qxe7 15. Nb5 a6 16. Na3 b5 17. Nd2 f5 18. f3 Nxd2 19. Qxd2 Nb6 20. Nb1 Nc4 21. Qe2 Qb4 22. b3 Na3 23. Rc1 Nxb1 24. Bxb1 Rc3 25. Rxc3 Qxc3 26. Qd3 Rc8 27. Rd1 Qxd3 28. Bxd3 Rc3 29. Kf2 Kf7 30. Ke2 Ke7 31. Kd2 b4 32. h4 Kd6 33. Rg1 Ke7 34. g4 fxg4 35. fxg4 a5 36. g5 hxg5 37. hxg5 Bc6 38. g6 Be8 39. Rf1 a4 40. Bc2 axb3 41. axb3 Rc7 42. Ra1 Rb7 43. Rh1 Kf6 44. Rf1+ Ke7 45. Rf4 Rc7 46. Rh4 Kf6 47. Rh8 Bxg6 48. Rb8 Rxc2+ 49. Kd1 Rc3 50. Rxb4 Rxe3 51. Rb8 Rd3+ 52. Ke2 Rxd4 53. b4 Rc4 54. b5 Rb4 55. b6 Kf7 56. b7 Ke7 57. Rg8 1-0

[Event "Titled Tuesday intern op 27th Dec Early"]
[Site "Chess.com INT"]
[Date "2022.12.27"]
[Round "2"]
[White "Marin Ramirez, Gerardo"]
[Black "Osinovsky, Stepan"]
[Result "1-0"]
[WhiteElo "2127"]
[BlackElo "2241"]
[PlyCount "47"]
[EventDate "2022.12.27"]
[EventType "swiss (blitz)"]
[EventRounds "11"]
[EventCountry "USA"]
[SourceTitle "EXT 2024"]
[Source "ChessBase"]
[SourceDate "2023.10.10"]
[SourceVersion "1"]
[SourceVersionDate "2023.10.10"]
[SourceQuality "1"]

1. d4 Nf6 2. Nf3 g6 3. c4 Bg7 4. Nc3 0-0 5. g3 d6 6. Bg2 Nbd7 7. 0-0 e5 8. Qc2 Re8 9. Rd1 Qe7 10. e3 c6 11. b3 a6 12. Ba3 exd4 13. Nxd4 Nc5 14. h3 Nfe4 15. Nxe4 Nxe4 16. Rac1 c5 17. Bxe4 cxd4 18. Bg2 dxe3 19. Bxd6 exf2+ 20. Qxf2 Qg5 21. Bf4 Qh5 22. Rd5 Qe2 23. Qxe2 Rxe2 24. Rd8+ 1-0

[Event "Titled Tuesday intern op 08th Nov Early"]
[Site "Chess.com INT"]
[Date "2022.11.08"]
[Round "1"]
[White "Bagwe, Gaurang"]
[Black "Marin Ramirez, Gerardo"]
[Result "1-0"]
[WhiteElo "1965"]
[BlackElo "2141"]
[PlyCount "125"]
[EventDate "2022.11.08"]
[EventType "swiss (blitz)"]
[EventRounds "11"]
[EventCountry "USA"]
[SourceTitle "EXT 2024"]
[Source "ChessBase"]
[SourceDate "2023.10.10"]
[SourceVersion "1"]
[SourceVersionDate "2023.10.10"]
[SourceQuality "1"]

1. e4 e6 2. d4 c5 3. Nf3 cxd4 4. Nxd4 a6 5. Nc3 Qc7 6. a3 b5 7. Bd3 Bb7 8. 0-0 Nc6 9. Nxc6 Bxc6 10. Be3 Nf6 11. f4 b4 12. axb4 Bxb4 13. e5 Bxc3 14. bxc3 Nd5 15. Bd4 a5 16. Qg4 g6 17. Qg5 h6 18. Qg3 Ne7 19. Qh4 Nf5 20. Qf6 Rg8 21. Bf2 h5 22. Rab1 Qd8 23. Qxd8+ Rxd8 24. Bb6 Ra8 25. Bc5 f6 26. h3 Kf7 27. g4 hxg4 28. hxg4 Nh4 29. Kf2 fxe5 30. Kg3 Rh8 31. fxe5+ Kg8 32. Rf2 g5 33. Rbf1 a4 34. Be7 a3 35. Bxg5 Nf3 36. Rxf3 Bxf3 37. Kxf3 a2 38. Ra1 Kf7 39. Bf6 Rhb8 40. Bc4 Rb2 41. Bb3 Rb1 42. Rxa2 Rxa2 43. Bxa2 Rf1+ 44. Ke4 d5+ 45. Kd4 Kg6 46. c4 Rf4+ 47. Kc5 dxc4 48. Bxc4 Rxg4 49. Bxe6 Rg3 50. Bc4 Rc3 51. Kd4 Rg3 52. Bd3+ Kf7 53. Bc4+ Kg6 54. Bd5 Rg4+ 55. Kc5 Rg1 56. c4 Rc1 57. Kd6 Kf5 58. c5 Rc2 59. c6 Rd2 60. c7 Rc2 61. c8Q+ Rxc8 62. Be6+ Kg6 63. Bxc8 1-0

[Event "Titled Tuesday intern op 08th Nov Early"]
[Site "Chess.com INT"]
[Date "2022.11.08"]
[Round "3"]
[White "Marin Ramirez, Gerardo"]
[Black "Alahakoon, Isuru"]
[Result "1-0"]
[WhiteElo "2141"]
[BlackElo "1984"]
[PlyCount "129"]
[EventDate "2022.11.08"]
[EventType "swiss (blitz)"]
[EventRounds "11"]
[EventCountry "USA"]
[SourceTitle "EXT 2024"]
[Source "ChessBase"]
[SourceDate "2023.10.10"]
[SourceVersion "1"]
[SourceVersionDate "2023.10.10"]
[SourceQuality "1"]

1. d4 d5 2. Nf3 Bf5 3. c4 e6 4. cxd5 exd5 5. Qb3 Nc6 6. e3 Nb4 7. Na3 a5 8. Bd2 a4 9. Qc3 Nf6 10. Ne5 Ne4 11. Qc1 c6 12. Be2 Bd6 13. 0-0 0-0 14. Be1 Qc7 15. f3 Nf6 16. g4 Bg6 17. Nxg6 fxg6 18. g5 Nh5 19. f4 Rae8 20. Bxh5 gxh5 21. Bxb4 Bxb4 22. Nc2 Bd6 23. Qd1 g6 24. Qd3 Qe7 25. b3 axb3 26. axb3 Qe4 27. Qxe4 Rxe4 28. Ra7 Re7 29. Rfa1 Rfe8 30. Ra8 Kf7 31. Rxe8 Rxe8 32. Ra7 Re7 33. Ra8 Ke6 34. Kf2 Kf5 35. Kf3 Rf7 36. Re8 Re7 37. Rxe7 Bxe7 38. Ne1 b6 39. Nd3 c5 40. Ne5 Bd6 41. Nd7 c4 42. bxc4 dxc4 43. Nxb6 c3 44. Nc4 Ke6 45. Ke2 Kd5 46. Kd3 Bb4 47. Ne5 Ke6 48. Nf3 Kf5 49. h3 Ba5 50. Ne1 Ke6 51. Nc2 Kd5 52. e4+ Kd6 53. Ne3 Kc6 54. Nd5 Kd6 55. Nxc3 Ke6 56. Ne2 Bc7 57. d5+ Kd6 58. Kd4 Bb6+ 59. Kc4 Be3 60. e5+ Ke7 61. Kd3 Bb6 62. Ke4 Bc7 63. Nd4 Bb6 64. Ne6 Bg1 65. f5 1-0

[Event "Titled Tuesday intern op 18th Oct Late"]
[Site "Chess.com INT"]
[Date "2022.10.18"]
[Round "5"]
[White "Bach, Matthias"]
[Black "Marin Ramirez, Gerardo"]
[Result "1-0"]
[WhiteElo "2206"]
[BlackElo "2141"]
[PlyCount "59"]
[EventDate "2022.10.18"]
[EventType "swiss (blitz)"]
[EventRounds "11"]
[EventCountry "USA"]
[SourceTitle "EXT 2024"]
[Source "ChessBase"]
[SourceDate "2023.10.10"]
[SourceVersion "1"]
[SourceVersionDate "2023.10.10"]
[SourceQuality "1"]

1. d4 d5 2. c4 c6 3. Nc3 Nf6 4. Nf3 a6 5. g3 e6 6. Bg2 Be7 7. 0-0 b5 8. Ne5 bxc4 9. b3 cxb3 10. Qxb3 0-0 11. Na4 Nfd7 12. Nd3 a5 13. Bf4 Ba6 14. Rfc1 Bc4 15. Qc2 Na6 16. Nab2 Bxd3 17. Nxd3 c5 18. dxc5 Naxc5 19. Rab1 Nxd3 20. Qxd3 Nf6 21. Bc7 Qd7 22. Rb2 Bd6 23. Rbc2 Rfc8 24. Bb6 Rxc2 25. Qxc2 Qb5 26. Qc6 Qxc6 27. Rxc6 Bb4 28. e3 h6 29. Bf1 Ne4 30. Rc7 1-0

[Event "Titled Tuesday intern op 18th Oct Early"]
[Site "Chess.com INT"]
[Date "2022.10.18"]
[Round "3"]
[White "Marin Ramirez, Gerardo"]
[Black "Lucas, Arthur"]
[Result "0-1"]
[WhiteElo "2141"]
[BlackElo "2351"]
[PlyCount "112"]
[EventDate "2022.10.18"]
[EventType "swiss (blitz)"]
[EventRounds "11"]
[EventCountry "USA"]
[SourceTitle "EXT 2024"]
[Source "ChessBase"]
[SourceDate "2023.10.10"]
[SourceVersion "1"]
[SourceVersionDate "2023.10.10"]
[SourceQuality "1"]

1. d4 g6 2. Nf3 Bg7 3. g3 f5 4. Bg2 Nf6 5. d5 0-0 6. 0-0 c6 7. c4 d6 8. Nc3 e5 9. dxe6 Bxe6 10. b3 Na6 11. Nd4 Bf7 12. Bb2 Re8 13. e3 Nc5 14. Qc2 a5 15. Rad1 Qe7 16. Nf3 Rad8 17. Ng5 Ng4 18. Nxf7 Qxf7 19. Ne2 Ne4 20. Bxg7 Qxg7 21. Rd3 Qh6 22. h3 Ne5 23. Rd4 Ng5 24. Nf4 Nef3+ 25. Kh1 Nxd4 26. exd4 Ne4 27. Rd1 Re7 28. d5 c5 29. Ne6 Rde8 30. Bxe4 Qxh3+ 31. Kg1 fxe4 32. Qxe4 Qf5 33. Qe1 Rf7 34. Rd2 b6 35. Re2 h6 36. Qd1 Ree7 37. Qd2 Kh7 38. Re3 Qf6 39. Kg2 g5 40. Qe2 Qg6 41. Re4 Qf6 42. Re3 Qf5 43. Re4 Kg8 44. Re3 Rf6 45. Re4 Ref7 46. f4 gxf4 47. Nxf4 Qg5 48. Re8+ Rf8 49. Rxf8+ Rxf8 50. Qe6+ Rf7 51. Qxd6 Qf6 52. Qxf6 Rxf6 53. Kf3 Kf7 54. Ke4 Ke7 55. Ke5 Rf8 56. d6+ Kd7 0-1

[Event "Titled Tuesday intern op 18th Oct Late"]
[Site "Chess.com INT"]
[Date "2022.10.18"]
[Round "3"]
[White "Mazurkiewicz, Michal"]
[Black "Marin Ramirez, Gerardo"]
[Result "1-0"]
[WhiteElo "2163"]
[BlackElo "2141"]
[PlyCount "61"]
[EventDate "2022.10.18"]
[EventType "swiss (blitz)"]
[EventRounds "11"]
[EventCountry "USA"]
[SourceTitle "EXT 2024"]
[Source "ChessBase"]
[SourceDate "2023.10.10"]
[SourceVersion "1"]
[SourceVersionDate "2023.10.10"]
[SourceQuality "1"]

1. e4 c5 2. Nf3 d6 3. g3 e5 4. Bg2 Nc6 5. 0-0 g6 6. d3 Bg7 7. Nc3 Nge7 8. Nd2 0-0 9. Nc4 Be6 10. Nd5 b5 11. Nce3 Rc8 12. a4 b4 13. Nc4 Bxd5 14. exd5 Na5 15. Ne3 c4 16. dxc4 Nxc4 17. b3 Nxe3 18. Bxe3 Qc7 19. Rc1 f5 20. f4 e4 21. Re1 a5 22. Bf1 Bb2 23. Bc4 Bc3 24. Re2 Kg7 25. Bd4+ Bxd4+ 26. Qxd4+ Kf7 27. Kg2 Qc5 28. Qd2 Ng8 29. c3 Rb8 30. cxb4 Qxb4 31. Qd4 1-0

[Event "Titled Tuesday intern op 04th Oct Early"]
[Site "Chess.com INT"]
[Date "2022.10.04"]
[Round "1"]
[White "Zavgorodniy, Sergiy"]
[Black "Marin Ramirez, Gerardo"]
[Result "1-0"]
[WhiteElo "2410"]
[BlackElo "2141"]
[PlyCount "33"]
[EventDate "2022.10.04"]
[EventType "swiss (blitz)"]
[EventRounds "11"]
[EventCountry "USA"]
[SourceTitle "EXT 2023"]
[Source "ChessBase"]
[SourceDate "2022.10.05"]
[SourceVersion "1"]
[SourceVersionDate "2022.10.05"]
[SourceQuality "1"]

1. e4 c5 2. Nf3 d6 3. c3 Nf6 4. Bd3 Qc7 5. 0-0 g6 6. Bc2 Bg4 7. d4 Bxf3 8. Ba4+ Nbd7 9. Qxf3 cxd4 10. cxd4 a6 11. e5 dxe5 12. dxe5 Nh5 13. Nc3 Rd8 14. g4 Ng7 15. Nd5 Qa5 16. b4 Qxa4 17. Nc7# 1-0

[Event "Titled Tuesday intern op 27th Sep Late"]
[Site "Chess.com INT"]
[Date "2022.09.27"]
[Round "6"]
[White "Marin Ramirez, Gerardo"]
[Black "Petrova, Irina"]
[Result "0-1"]
[WhiteElo "2141"]
[BlackElo "2127"]
[PlyCount "62"]
[EventDate "2022.09.27"]
[EventType "swiss (blitz)"]
[EventRounds "11"]
[EventCountry "USA"]
[SourceTitle "CBM 210 Extra"]
[Source "ChessBase"]
[SourceDate "2022.11.30"]
[SourceVersion "1"]
[SourceVersionDate "2022.11.30"]
[SourceQuality "1"]

1. d4 d6 2. Nf3 g6 3. c3 Bg7 4. g3 Nd7 5. Bg2 Ngf6 6. 0-0 0-0 7. Nbd2 e5 8. e4 Re8 9. dxe5 Nxe5 10. Ne1 c6 11. h3 Be6 12. f4 Nc4 13. b3 Nxd2 14. Bxd2 d5 15. f5 Bd7 16. fxg6 hxg6 17. e5 Rxe5 18. Qf3 Rf5 19. Qd3 Rxf1+ 20. Qxf1 Qb6+ 21. Kh2 Re8 22. Nd3 Ne4 23. Be1 Qe3 24. Rc1 c5 25. Rc2 c4 26. bxc4 dxc4 27. Nf4 b5 28. Re2 Qc1 29. Qf3 Ng5 30. Rxe8+ Bxe8 31. Qa8 Qxe1 0-1

[Event "Titled Tuesday intern op 27th Sep Late"]
[Site "Chess.com INT"]
[Date "2022.09.27"]
[Round "1"]
[White "Marin Ramirez, Gerardo"]
[Black "Suder, Jakub"]
[Result "0-1"]
[WhiteElo "2141"]
[BlackElo "2247"]
[PlyCount "116"]
[EventDate "2022.09.27"]
[EventType "swiss (blitz)"]
[EventRounds "11"]
[EventCountry "USA"]
[SourceTitle "CBM 210 Extra"]
[Source "ChessBase"]
[SourceDate "2022.11.30"]
[SourceVersion "1"]
[SourceVersionDate "2022.11.30"]
[SourceQuality "1"]

1. d4 d5 2. Nf3 Nf6 3. c4 e6 4. Nc3 a6 5. e3 Be7 6. Qc2 0-0 7. Be2 dxc4 8. Bxc4 b5 9. Be2 c5 10. 0-0 Nbd7 11. Rd1 Qc7 12. a3 Bb7 13. Bd2 Rac8 14. Rac1 Qb8 15. Qb1 Rfd8 16. Be1 Qa8 17. dxc5 Nxc5 18. Rxd8+ Rxd8 19. Rd1 Rc8 20. Rd4 h6 21. h3 Nb3 22. Rd1 Rc7 23. Qd3 Nc5 24. Qd4 Rd7 25. Qh4 Rxd1 26. Bxd1 Nce4 27. Nxe4 Bxe4 28. Bc3 Qd5 29. Be2 Bd3 30. Bxd3 Qxd3 31. Qd4 Qxd4 32. Bxd4 Kf8 33. Ne5 Nd5 34. Nc6 Bd6 35. e4 Nf4 36. Kf1 f6 37. h4 Ke8 38. g3 Ng6 39. Bc3 Kd7 40. Nb4 Bxb4 41. Bxb4 Ke8 42. Bc3 h5 43. Ke2 Kd7 44. f3 Nf8 45. Ke3 Kc6 46. g4 hxg4 47. fxg4 Ng6 48. h5 Nf8 49. Kd3 Nh7 50. Bd2 Kd6 51. Bf4+ Kc6 52. Be3 Nf8 53. h6 gxh6 54. Bxh6 Nd7 55. Bg7 Kd6 56. Kd4 e5+ 57. Kd3 Ke6 58. b4 Nb6 0-1

[Event "Titled Tuesday intern op 20th Sep Early"]
[Site "Chess.com INT"]
[Date "2022.09.20"]
[Round "3"]
[White "Marin Ramirez, Gerardo"]
[Black "Becerra, Juan David"]
[Result "0-1"]
[WhiteElo "2141"]
[BlackElo "2296"]
[PlyCount "64"]
[EventDate "2022.09.20"]
[EventType "swiss (blitz)"]
[EventRounds "11"]
[EventCountry "USA"]
[SourceTitle "EXT 2023"]
[Source "ChessBase"]
[SourceDate "2022.10.05"]
[SourceVersion "1"]
[SourceVersionDate "2022.10.05"]
[SourceQuality "1"]

1. d4 d5 2. Nf3 c6 3. c4 Nf6 4. Nc3 e6 5. Bg5 h6 6. Bxf6 Qxf6 7. e3 g6 8. Bd3 dxc4 9. Bxc4 Bg7 10. 0-0 0-0 11. Ne5 Qe7 12. f4 Nd7 13. Qf3 Kh7 14. Rac1 f6 15. Nd3 Rb8 16. Bb3 b5 17. Ne4 Bb7 18. Nec5 Nxc5 19. Nxc5 Bc8 20. Qxc6 Rb6 21. Qf3 a5 22. a3 e5 23. dxe5 fxe5 24. Qe4 Bf5 25. Qf3 exf4 26. Rfe1 fxe3 27. Kh1 Bd4 28. Qd5 Bxb2 29. Rcd1 e2 30. Rd2 Be4 31. Nxe4 Rf1+ 32. Rxf1 exf1Q# 0-1

[Event "Titled Tuesday intern op 20th Sep Early"]
[Site "Chess.com INT"]
[Date "2022.09.20"]
[Round "1"]
[White "Winterberg, Lukas"]
[Black "Marin Ramirez, Gerardo"]
[Result "1-0"]
[WhiteElo "2394"]
[BlackElo "2141"]
[PlyCount "69"]
[EventDate "2022.09.20"]
[EventType "swiss (blitz)"]
[EventRounds "11"]
[EventCountry "USA"]
[SourceTitle "EXT 2023"]
[Source "ChessBase"]
[SourceDate "2022.10.05"]
[SourceVersion "1"]
[SourceVersionDate "2022.10.05"]
[SourceQuality "1"]

1. Nf3 d5 2. b3 c6 3. Bb2 Nf6 4. g3 Bf5 5. Bg2 h6 6. 0-0 Nbd7 7. c4 e6 8. d3 Be7 9. Nc3 0-0 10. Re1 Bh7 11. e4 Nc5 12. Ne5 dxe4 13. dxe4 Qc7 14. f4 Rad8 15. Qe2 a5 16. Rad1 Qb6 17. Kh1 a4 18. Ba3 axb3 19. Rb1 Qa5 20. Bxc5 Bxc5 21. Rxb3 Bd4 22. Nb1 Bxe5 23. fxe5 Qxe5 24. Rxb7 Rd4 25. Rb3 Bxe4 26. Re3 Bxg2+ 27. Qxg2 Qc5 28. Nd2 Rd7 29. Re5 Qa3 30. Nb3 Rfd8 31. R5e2 Rd1 32. Qxc6 Qb4 33. Rxd1 Rxd1+ 34. Kg2 Qc3 35. Qa8+ 1-0

[Event "Titled Tuesday intern op 13th Sep Early"]
[Site "Chess.com INT"]
[Date "2022.09.13"]
[Round "2"]
[White "Marin Ramirez, Gerardo"]
[Black "Jaskolka, Tomasz"]
[Result "0-1"]
[WhiteElo "2141"]
[BlackElo "2213"]
[PlyCount "52"]
[EventDate "2022.09.13"]
[EventType "swiss (blitz)"]
[EventRounds "11"]
[EventCountry "USA"]
[SourceTitle "EXT 2023"]
[Source "ChessBase"]
[SourceDate "2022.10.05"]
[SourceVersion "1"]
[SourceVersionDate "2022.10.05"]
[SourceQuality "1"]

1. d4 d5 2. Nf3 c6 3. e3 Nf6 4. Bd3 Bg4 5. c4 e6 6. h3 Bh5 7. Nbd2 Nbd7 8. Qb3 Qb6 9. Qc2 Be7 10. c5 Qc7 11. 0-0 b6 12. cxb6 axb6 13. b3 0-0 14. Bb2 Bg6 15. Bxg6 hxg6 16. Rfc1 Rfc8 17. e4 dxe4 18. Nxe4 Nxe4 19. Qxe4 Nf6 20. Qe2 Nd5 21. Ne5 Qb7 22. Qf3 Bf6 23. Nc4 Qc7 24. Ne3 Qf4 25. Nxd5 Qxf3 26. Nxf6+ Qxf6 0-1

[Event "Titled Tuesday intern op 30th Aug Late"]
[Site "Chess.com INT"]
[Date "2022.08.30"]
[Round "1"]
[White "Marin Ramirez, Gerardo"]
[Black "Dobrikov, Marco"]
[Result "0-1"]
[WhiteElo "2138"]
[BlackElo "2223"]
[PlyCount "88"]
[EventDate "2022.08.30"]
[EventType "swiss (blitz)"]
[EventRounds "11"]
[EventCountry "USA"]
[SourceTitle "EXT 2023"]
[Source "ChessBase"]
[SourceDate "2022.10.05"]
[SourceVersion "1"]
[SourceVersionDate "2022.10.05"]
[SourceQuality "1"]

1. d4 Nf6 2. Nf3 g6 3. c4 Bg7 4. Nc3 0-0 5. e4 d6 6. Be2 e5 7. d5 a5 8. Bg5 Qe8 9. Bxf6 Bxf6 10. h4 h5 11. Ng5 Qe7 12. g4 Bxg5 13. hxg5 hxg4 14. Qd2 Na6 15. Rh4 Kg7 16. 0-0-0 Bd7 17. Rdh1 Rh8 18. Rh6 b6 19. Rg1 Rxh6 20. gxh6+ Kh7 21. Bxg4 Nc5 22. Bxd7 Qxd7 23. Qg5 Qd8 24. Qe3 Qh4 25. f3 Qxh6 26. Kd2 f5 27. exf5 gxf5 28. Nb5 Rc8 29. Rg5 Qh2+ 30. Ke1 f4 31. Qg1 Qxg1+ 32. Rxg1 Nd3+ 33. Kd2 Nxb2 34. Kc3 Na4+ 35. Kc2 Nc5 36. Rg5 Na6 37. a3 Rg8 38. Rxg8 Kxg8 39. Kd3 Kf7 40. Ke2 Kf6 41. Kf2 Kf5 42. Ke2 e4 43. fxe4+ Kxe4 44. Kd2 f3 0-1

[Event "Titled Tuesday intern op 16th Aug Early"]
[Site "Chess.com INT"]
[Date "2022.08.16"]
[Round "2"]
[White "Marin Ramirez, Gerardo"]
[Black "Derjabin, Ilja"]
[Result "1-0"]
[WhiteElo "2138"]
[BlackElo "2333"]
[PlyCount "55"]
[EventDate "2022.08.16"]
[EventType "swiss (blitz)"]
[EventRounds "11"]
[EventCountry "USA"]
[SourceTitle "EXT 2023"]
[Source "ChessBase"]
[SourceDate "2022.10.05"]
[SourceVersion "1"]
[SourceVersionDate "2022.10.05"]
[SourceQuality "1"]

1. d4 Nf6 2. c4 c5 3. Nf3 cxd4 4. Nxd4 e5 5. Nf3 Nc6 6. e3 Bb4+ 7. Bd2 Bxd2+ 8. Qxd2 0-0 9. Nc3 e4 10. Nd4 Re8 11. Ndb5 Ne5 12. Nd6 Re6 13. c5 b6 14. b4 bxc5 15. bxc5 Qc7 16. Rc1 Nd3+ 17. Bxd3 exd3 18. Ncb5 Qc6 19. 0-0 Ba6 20. Nd4 Ne4 21. Qa5 d2 22. Nxc6 Bxf1 23. Rxf1 Nxd6 24. Qxd2 dxc6 25. cxd6 Rd8 26. d7 Re7 27. Rd1 g6 28. Qd6 1-0

[Event "Titled Tuesday intern op 09th Aug Late"]
[Site "Chess.com INT"]
[Date "2022.08.09"]
[Round "3"]
[White "Marin Ramirez, Gerardo"]
[Black "Agasarov, Benik"]
[Result "0-1"]
[WhiteElo "2138"]
[BlackElo "2037"]
[PlyCount "62"]
[EventDate "2022.08.09"]
[EventType "swiss (blitz)"]
[EventRounds "11"]
[EventCountry "USA"]
[SourceTitle "EXT 2023"]
[Source "ChessBase"]
[SourceDate "2022.10.05"]
[SourceVersion "1"]
[SourceVersionDate "2022.10.05"]
[SourceQuality "1"]

1. d4 Nf6 2. Nf3 e6 3. c4 d5 4. Nc3 Bb4 5. Qa4+ Nc6 6. e3 0-0 7. Bd2 dxc4 8. Bxc4 Bd6 9. e4 e5 10. d5 Nd4 11. Be3 Bd7 12. Qd1 c5 13. dxc6 Nxf3+ 14. Qxf3 Bxc6 15. Rd1 Qe7 16. 0-0 Rac8 17. Bxa7 Nxe4 18. Nxe4 b5 19. Bb3 Qxa7 20. Rxd6 Qb7 21. Re1 Kh8 22. Qf5 f6 23. Nxf6 gxf6 24. Rxf6 Qg7 25. Rxf8+ Rxf8 26. Qxe5 Rf6 27. g3 Qf8 28. Qc3 Kg7 29. Re6 Bd7 30. Rxf6 Qxf6 31. Qc4 bxc4 0-1